La prehistoria ilustrada para niños / (Registro nro. 14814)

Detalles MARC
000 -LIDER
fixed length control field 01073nam a22003137a 4500
001 - NÚMERO DE CONTROL
Identificador de número de control 0011610
003 - IDENTIFICACDOR DE NÚMERO DE CONTROL
control field DO-SdBNP
005 - DATE AND TIME OF LATEST TRANSACTION
control field 20240916101445.0
007 - CAMPOS FIJOS DE DESCRIPCIÓN FÍSICA
fixed length control field 0011610
008 - ELEMENTOS DE LONGITUD FIJA
fixed length control field 161012b20uu sp | 00| 0 spa d
020 ## - ISBN
International Standard Book Number 8473740424
040 ## - FUENTE DE CATALOGACIÓN
Agencia que crea de manera original el registro BPMSU
Idioma de catalogación spa
Agencia que realiza la transcripción BPMSU
082 #4 - NÚMERO DE CLASIFICACIÓN DECIMAL DE DEWEY
Classification number 591.56
Item number M478p
Edition number 22
100 1# - ASIENTO PRINCIPAL -- NOMBRE PERSONAL
Nombre personal MacCord, Anne.
245 13 - MENCIÓN DE TITULO
Título La prehistoria ilustrada para niños /
Mención de responsabilidad Anne McCord ; ilustrado por Bob Hersey.
246 14 - VARIACION DEL TÍTULO
Título propiamente dicho o título corto La prehistoria ilustrada para niños :
Subtítulo nuestro mundo después de los dinosaurios
260 ## - PUBLICACIÓN, DISTRIBUCIÓN, ETC. (PIE DE IMPRENTA)
Lugar de publicación, distribución, etc Madrid :
Nombre del editor, distribuidor, etc. Ediciones Plesa,
Fecha de publicación, distribución, etc [197-?]
300 ## - DESCRIPCIÓN FÍSICA
Extensión 32 p. :
Otros detalles físicos il., ;
Dimensiones 28 cm.
500 ## - NOTA GENERAL
Nota general Incluye índice.
505 0# - NOTA DE CONTENIDO
Texto normalizado de contenido v.1: El hombre primitivo. -- v.2 : Dinosaurios. -- v.3 : Mamíferos prehistóricos.
590 ## - NOTA LOCAL
Texto de la nota local Inventariado, 2024/VM
650 #4 - ENCABEZAMIENTO DE MATERIA--TEMÁTICO
Término temático o nombre geográfico como elemento de entrada Prehistoria
Subdivisión de forma Enseñanza.
650 #4 - ENCABEZAMIENTO DE MATERIA--TEMÁTICO
Término temático o nombre geográfico como elemento de entrada Mamíferos
650 #4 - ENCABEZAMIENTO DE MATERIA--TEMÁTICO
Término temático o nombre geográfico como elemento de entrada Desplazamiento (Conducta animal)
650 #4 - ENCABEZAMIENTO DE MATERIA--TEMÁTICO
Término temático o nombre geográfico como elemento de entrada Libros ilustrados para niños
700 1# - ASIENTO SECUNDARIO -- NOMBRE PERSONAL
Nombre personal Hersey, Bob,
Mención de responsabilidad ilustración
910 ## - VALIDACIÓN
Validación VMateo V. Control de calidad BPMSU
942 ## - ADDED ENTRY ELEMENTS (KOHA)
Source of classification or shelving scheme Dewey Decimal Classification
Koha item type Libros
Existencias
Withdrawn status Lost status Source of classification or shelving scheme Damaged status Not for loan Collection code Home library Current library Date acquired Source of acquisition Total Checkouts Full call number Barcode Date last seen Copy number Price effective from Koha item type
    Dewey Decimal Classification     Colección Infantil General Biblioteca Pública Metropolitana Salomé Ureña Biblioteca Pública Metropolitana Salomé Ureña 09/16/2024 FUNDI   BPMSU CGI 591.56 M478p BPMSU24090038 09/16/2024 v.3 09/16/2024 Libros